Las catequesis bautismales

Salvato in:
Dettagli Bibliografici
Autore principale: Juan Crisóstomo (Autore)
Natura: Libro
Lingua:spagnolo
Pubblicazione: Madrid Ciudad Nueva 1995
Edizione:2a. ed
Serie:Biblioteca de Patrística, 3
Soggetti:
Tags: Aggiungi Tag
Nessun Tag, puoi essere il primo ad aggiungerne!!

MARC

LEADER 00000cam a2200000 a 4500
001 UCU9444
003 CL-VaPUC
008 960816e19950000SP |||||||||||||||||spa|d
020 |a 9788486987930 
082 0 4 |a 282  |b JUA  |2 21 
100 0 |a Juan Crisóstomo  |e author  |9 368577 
245 1 4 |a Las catequesis bautismales 
250 |a 2a. ed 
300 |a 247 p 
942 |c BK 
945 |d 19960816 00:00:00  |a aalvarez 
260 |a Madrid  |b Ciudad Nueva  |c 1995 
650 0 |a Patrología  |9 349346 
650 0 |a Padres de la Iglesia  |9 313352 
650 0 |a Patrística  |9 322007 
650 0 |a Sacramentos   |9 257270 
650 0 |a Bautismo  |9 314393 
583 |a last modification  |c 20150527 12:15:08  |k Rodrigo Vera 
490 0 |a Biblioteca de Patrística, 3 
999 |c 251182  |d 251180 
952 |0 0  |1 0  |4 0  |6 282_000000000000000_JUA_1995  |7 0  |8 A  |9 270173  |a BIBTEO  |b BIBTEO  |d 2019-11-19  |i 3214680  |o 282 JUA 1995  |p 3214680  |r 2024-01-18  |w 2019-11-19  |y BK  |k ICR 
952 |0 0  |1 0  |4 0  |6 282_000000000000000_JUA_1995  |7 0  |8 A  |9 270174  |a BIBTEO  |b BIBTEO  |d 2019-11-19  |i 3678253  |o 282 JUA 1995  |p 3678253  |r 2024-01-18  |w 2019-11-19  |y BK  |k ICR 
952 |0 0  |1 0  |3 erb  |4 0  |6 282_000000000000000_JUA_1995  |7 0  |8 A  |9 270175  |a BIBTEO  |b BIBTEO  |i 5161452  |o 282 JUA 1995  |p 5161452  |r 2024-01-18  |w 2019-11-19  |y BK  |z Catalogado en:20150529  |k ICR